000 01555nam a2200433 i 4500
001 56174
003 KOSZ 005
005 20210512124847.0
008 081216s2008 pl a f f 000 0 pol
015 _aPB 2009/620
020 _a9788372424808
040 _aWA N
_cWA N
_dKOSZ 005/RW
_dKOSZ 005/HR
046 _k2008
080 _a528.48
080 _a(075.8)
100 1 _aWolski, Bogdan
_d(1942- )
_eAutor
245 1 0 _aGeodezja inżynieryjno-budowlana :
_bpodręcznik dla studentów wyższych szkół technicznych /
_cBogdan Wolski, Cezary Toś ; Politechnika Krakowska im. Tadeusza Kościuszki.
250 _aWydanie 2 poprawione.
260 _aKraków :
_bWydawnictwo PK,
_c2008.
300 _a185, [1] stron :
_bilustracje ;
_c24 cm.
336 _aTekst
_btxt
_2rdacontent
337 _aBez urządzenia pośredniczącego
_bn
_2rdamedia
338 _aWolumin
_bnc
_2rdacarrier
380 _aKsiążki
380 _aPublikacje dydaktyczne
385 _mPoziom nauczania
_aSzkoły wyższe
388 _a2001-
504 _aBibliografia na stronie [186].
650 4 _aGeodezja
650 4 _aBudownictwo
655 4 _aPodręczniki akademickie
658 _aGeografia i nauki o Ziemi
658 _aInżynieria i technika
658 _aArchitektura i budownictwo
700 1 _aToś, Cezary
_eAutor
710 2 _aWydawnictwo Politechniki Krakowskiej
_4pbl.
856 _uhttp://koha.tu.koszalin.pl/cgi-bin/koha/opac-detail.pl?biblionumber=56174
_yKatalog online BPK
942 _2UKD
_cKS
999 _c56174
_d56174